LEADER 01140nam0-2200361---450- 001 990009940680403321 005 20150213115649.0 035 $a000994068 035 $aFED01000994068 035 $a(Aleph)000994068FED01 035 $a000994068 100 $a20150213d1962----km-y0itay50------ba 101 1 $aita$cfre 102 $aIT 105 $ay-------001yy 200 1 $a<>bibbia apocrifa$etesti scelti e tradotti da P. Bonsirven ; introduzione di Daniel-Rops ; presentazione di Enrico Galbiati 210 $aMilano$cMassimo$d[1962] 215 $aIX, 288 p.$d22 cm 225 1 $aSorgenti di vita$v10 300 $aTraduzione di Franca Costantini Angiolini e Francesco Berrone 454 0$12001$a<>bible apocryphe$955919 610 0 $aBibbia. Vecchio Testamento. Apocrifi 676 $a229 702 1$aBonsirven,$bJoseph$f<1880-1958> 702 1$aDaniel-Rops$f<1901-1965> 702 1$aGalbiati,$bEnrico 801 0$aIT$bUNINA$gRICA$2UNIMARC 901 $aBK 912 $a990009940680403321 952 $a229 BON 1$bBibl. 35292$fFLFBC 959 $aFLFBC 996 $aBible apocryphe$955919 997 $aUNINA LEADER 01036nam a2200253 i 4500 001 991001117289707536 008 110324s2009 it 000 0 ita d 020 $a9788887514629 035 $ab13963181-39ule_inst 040 $aBiblioteca Interfacoltà$bita 082 04$a914.57504 100 1 $aGiuliani, Francesco$d<1961- >$0231892 245 10$aViaggi novecenteschi in terra di Puglia :$bNicola Serena di Lapigio, Kazimiera Alberti, Cesare Brandi /$cFrancesco Giuliani ; prefazione di Benito Mundi 260 $aFoggia :$bEdizioni del Rosone ,$c2009 300 $a266 p. ;$c21 cm 440 0$aTestimonianze ; 12 650 4$aPuglia$xDescrizioni e viaggi$ySec. 20. 700 1 $aMundi, Benito 907 $a.b13963181$b02-04-14$c24-03-11 912 $a991001117289707536 945 $aLE002 914.57504 GIU$g1$i2002000623331$lle002$og$pE0.00$q-$rl$s- $t0$u0$v0$w0$x0$y.i15243643$z24-03-11 996 $aViaggi novecenteschi in terra di Puglia$9246166 997 $aUNISALENTO 998 $ale002$b24-03-11$cm$da $e-$fita$git $h0$i0